000 00550nam a2200181Ia 4500
008 240729s9999 xx 000 0 und d
022 _a1178-7023
245 0 _aClinical and Experimental Gastroenterology
260 _aUnited Kingdom
260 _bDove Medical Press
650 _a Diseases of the digestive system. Gastroenterology
650 _a Internal medicine
650 _a Specialties of internal medicine
650 _aMedicine
856 _uhttps://doaj.org/toc/3a1298d22f5748c49c654c20f8c6586d
942 _2ddc
942 _cDOAJEJ
999 _c73825
_d73825
945 _a1
_bMadushi Gamage
_c1
_dMadushi Gamage